Cursos de capacitación para profesores bilingües = (Record no. 87582)

MARC details
000 -CABECERA
campo de control de longitud fija 00715nam a2200193 a 4500
005 - FECHA Y HORA DE LA ÚLTIMA TRANSACCIÓN
campo de control 20250301063744.0
008 - ELEMENTOS DE LONGITUD FIJA--INFORMACIÓN GENERAL
campo de control de longitud fija 011031s1996 mx r 000 0 spa d
035 ## - NÚMERO DE CONTROL DEL SISTEMA
Número de control de sistema UPN01000113674
049 ## - COLECCIÓN
Colección CG
050 #4 - SIGNATURA TOPOGRÁFICA DE LA BIBLIOTECA DEL CONGRESO
Número de clasificación LC1099
Número de documento/Ítem C8.7
245 00 - MENCIÓN DE TÍTULO
Título Cursos de capacitación para profesores bilingües =
Resto del título Bilingual teacher training courses : antología para el curso interacción en el aula en ambientes biculturales 1996 /
Mención de responsabilidad, etc. E. A. Palacios ... [et al.].
260 ## - PUBLICACIÓN, DISTRIBUCIÓN, ETC.
Lugar de publicación, distribución, etc. México :
-- UPN :
Nombre del editor, distribuidor, etc. SRE,
Fecha de publicación, distribución, etc. 1996.
300 ## - DESCRIPCIÓN FÍSICA
Extensión 218 p.
650 #4 - ASIENTO SECUNDARIO DE MATERIA - TERMINO TEMATICO
Término de materia o nombre geográfico como elemento de entrada Educación intercultural
9 (RLIN) 4812
650 #4 - ASIENTO SECUNDARIO DE MATERIA - TERMINO TEMATICO
Término de materia o nombre geográfico como elemento de entrada Educación bilingüe
9 (RLIN) 1532
700 1# - ASIENTO SECUNDARIO--NOMBRE DE PERSONAL
Nombre de persona Palacios, Elvia Amparo,
Término indicativo de función/relación coaut.
740 0# - ASIENTO SECUNDARIO - TÍTULOS RELACIONADOS /ANALITICOS NO CONTROLADOS
Título relacionado o analítico no controlado Bilingual teacher training courses
905 ## - TIPO DE MATERIAL
Tipo de material Libro
Holdings
Estado de retiro Estado de pérdida Fuente del sistema de clasificación o colocación Estado dañado No para préstamo Código de colección Localización permanente Ubicación/localización actual Ubicación en estantería Total de préstamos Clasificación Código de barras Fecha visto por última vez Número de copia Tipo de ítem Koha Fecha de adquisición Precio válido a partir de
    Library of Congress Classification     Colección General Bib. Gregorio Torres Quintero Bib. Gregorio Torres Quintero Planta baja 8 LC1099 C8.7 187456 31/12/2020 1 Libro    
    Library of Congress Classification     Colección General Bib. Gregorio Torres Quintero Bib. Gregorio Torres Quintero Planta baja   LC1099 C8.7 213550 22/05/2023 Ej.2 Libro 22/05/2023 22/05/2023
    Library of Congress Classification     Colección General Bib. Gregorio Torres Quintero Bib. Gregorio Torres Quintero Planta baja   LC1099 C8.7 213551 22/05/2023 Ej.3 Libro 22/05/2023 22/05/2023